000 00816nam a2200229Ia 4500
008 130821s2007 mx a gr spa
020 _a9789706865953
040 _aCo-BoUCM
_bspa
041 0 0 _aspa
100 1 _aPoole, David
_9160888
245 1 0 _aÁlgebra lineal una introducción moderna
_cDavid Poole ; revisión técnica de Gerardo P. Aguilar Sánchez
250 _a2a ed.
260 _aMéxico D.F. (México)
_bCengage learning
_c2007
300 _axxviii, 712 páginas
_bilustraciones, tablas
500 _aIncluye índice e índice de notaciones.
650 0 4 _aÁlgebras lineales
_98820
650 0 4 _aEcuaciones lineales
_913742
650 0 4 _aMatemáticas
_919031
650 0 4 _aMatrices (Matemáticas)
_919079
942 _cLIBRO
_a25
_e2
_mP822a
_2DEWEY
_h512.5
999 _c40998
_d40998